000 00369nam a2200133Ia 4500
008 220217s9999||||xx |||||||||||||| ||und||
020 _a978-81-313-0424-2
082 _a410.03 KUM
100 _aKumar, Manoranjan
_95472
245 0 _aDictionary of quotations
260 _aAPH publishing corporation
_bNew Delhi
_c2008
300 _b695
650 _aGENERAL BOOKS
999 _c176458
_d176458